'Our Love is God' Clicky-oke Quiz Stats

 Plays Quiz not verified by Sporcle

Score 0/47 Timer 07:00
0 Plays Today
% Correct
About this broken world
94.6%
But that will end tonight
94.4%
I was a frozen lake
82.9%
Meet me at the cemetery, at dawn
82.2%
Hi, Kurt. It's Veronica.
81.3%
And we don't even have to buy it a pizza!
81.1%
We'll build the world again...
80.4%
Wowuhh... lucky guess?
79.8%
Our love is God.
77.5%
But when the morning comes
77.3%
'Ram and I died because we had to hide our gay forbidden love from a misapproving world.'
77.3%
The dinosaurs choked on the dust
76.9%
Long enough to make it look like a suicide pact
76.9%
See, now I'm crying too
76.6%
We're what killed the dinosaurs
76.6%
So let's go hunt some jocks!
76.6%
So do we just whip it out or what?
75.1%
One... two...
75.1%
The Nazis used them to fake their own suicides when the Russians invaded Berlin
74.8%
Strip for me
74.8%
The new world needed room for me and you
74.6%
Yeah, but we're filling it with 'Ich Luge' bullets.
74.2%
And raise our city here
72.6%
Our love is God.
71.9%
% Correct
And when the morning comes
71%
I'd trade my life for yours
70.6%
Yeah, we can do that
70.3%
We'll plant our garden here
70.3%
Our love is God.
68.8%
I'd trade my life for yours
68.5%
We're what killed the dinosaurs
67.2%
What about you?
66.1%
Our love is God...
65.6%
Our love is God.
64.5%
Holy crap!
63.8%
We'll plant our garden here
60.9%
My grandad scored them in World War II
59.3%
Are you okay?
59.1%
Our love is God...
58.9%
God...
57.3%
Whaat?! Hahaha!
56.2%
What the f*ck have you done?!
56%
What does that MEAN?!
48.5%
I don't understaaand!
45.2%
Why are you chasing me??
44.9%
You killed my best friend!
44.7%
STOP BEING A D*CK!
38.4%

You're not logged in!

Compare scores with friends on all Sporcle quizzes.
OR
Log In

Show Comments

Extras

Top Quizzes Today


Score Distribution

Your Account Isn't Verified!

In order to create a playlist on Sporcle, you need to verify the email address you used during registration. Go to your Sporcle Settings to finish the process.

Report this User

Report this user for behavior that violates our Community Guidelines.

Details: